| 000 | 00751nam a2200241 a 4500 | ||
|---|---|---|---|
| 001 | 69583 | ||
| 003 | BD-RjUL | ||
| 005 | 20211209081914.0 | ||
| 008 | 170412s1963 nyua 001 0 eng d | ||
| 035 | _a(BD-RjUL)69795 | ||
| 040 |
_aBD-RjUL _beng _cBD-RjUL _dBD-RjUL |
||
| 041 | _aeng | ||
| 082 |
_223 _a516 _bJER 1963 |
||
| 100 | 1 |
_aJenner, William Elliott, _d1924- _9206104 |
|
| 245 | 1 | 0 |
_aRudiments of algebraic geometry / _cW.E. Jenner |
| 260 |
_aNew York : _bOxford University Press, _c1963 |
||
| 300 |
_a104 p. : _bill. ; _c21 cm |
||
| 490 | _aUniversity texts in the mathematical sciences | ||
| 650 | 0 |
_aGeometry, _9206105 |
|
| 650 | 0 |
_aAlgebraic. _9206106 |
|
| 830 | 0 |
_aUniversity texts in the mathematical sciences _9206108 |
|
| 942 |
_2ddc _cBK |
||
| 999 |
_c69583 _d69583 |
||